Sports Quiz

Random Sports or NBA Quiz

NBA Players by Pics ll Quiz Stats

Quiz not verified by Sporcle

Challenge
Share
Tweet
Photobucket
Score 0/72 Timer 08:00
0 Plays Today
% Correct
Vince Carter
86.3%
Shane Battier
82.7%
Anthony Carter
82.4%
Maurice Williams
81.5%
Shelden Williams
81.2%
Greg Oden
80.3%
Delonte West
80%
J.R. Smith
78.8%
James Harden
77%
Juwan Howard
75.2%
Jason Richardson
74%
Kenyon Martin
73.1%
Taj Gibson
72.8%
Steve Blake
72.8%
Quentin Richardson
72.5%
Rashard Lewis
71.6%
Jordan Farmar
71%
Kirk Hinrich
70.7%
Daniel Gibson
70.1%
Kris Humphries
69.3%
Jamal Crawford
69.3%
Aaron Brooks
67.2%
Ben Gordon
64.5%
Zydrunas Ilgauskas
62.4%
Jose Barea
61.8%
Trevor Ariza
60.9%
Brian Scalabrine
60.3%
Corey Brewer
59.7%
Chris Andersen
59.1%
Mickael Pietrus
58.5%
Channing Frye
57.6%
DJ Augustin
57.3%
John Salmons
55.8%
Jeff Green
54.6%
Zaza Pachulia
53.4%
Corey Maggette
53.4%
% Correct
Toney Allen
53.4%
Jrue Holiday
52.2%
Kyle Lowry
51.9%
Jeff Foster
51.6%
Roger Mason
51%
DeJuan Blair
50.7%
DeAndre Jordan
47.5%
Dahntay Jones
46.6%
DJ Mbenga
46.3%
Erick Dampier
46%
Bryan Cardinal
45.4%
Thaddeus Young
43.6%
Nenad Krstic
43%
Sam Young
42.4%
Ramon Sessions
41.2%
Ersan Ilyasova
39.7%
James Johnson
38.2%
Spencer Hawes
37.6%
Renaldo Balkman
37.3%
Aaron Afflalo
36.7%
Gerald Henderson
36.4%
Carl Landry
35.5%
Josh McRoberts
33.4%
Joel Przybilla
31.3%
Toney Douglas
29%
Will Bynum
28.7%
Jason Thompson
25.7%
Bill Walker
25.7%
Beno Udrih
25.1%
Dorrell Wright
24.8%
Travis Outlaw
23.3%
Vladimir Radmanovic
23%
Daequan Cook
20.3%
Luc Mbah a Moute
15.5%
Rodrigue Beaubois
13.1%
Joey Dorsey
11%

You're not logged in!

Compare scores with friends on all Sporcle quizzes.
Sign Up with Email
OR
Log In

You Might Also Like...

Show Comments

Extras

Top Quizzes Today


Score Distribution

Your Account Isn't Verified!

In order to create a playlist on Sporcle, you need to verify the email address you used during registration. Go to your Sporcle Settings to finish the process.

Report this User

Report this user for behavior that violates our Community Guidelines.

Details: